| 000 | 00602nam a2200217Ia 4500 | ||
|---|---|---|---|
| 003 | OSt | ||
| 005 | 20260704115754.0 | ||
| 008 | 210210b2003 xxu||||| |||| 00| 0 eng d | ||
| 040 | _cAL | ||
| 041 | _aTulu | ||
| 082 | _aT894.3 BANP | ||
| 100 |
_aBANNANJE BABU AMIN _dಬನ್ನಂಜೆ ಬಾಬು ಅಮಿನ್ _9266241 |
||
| 245 |
_aPu poddol _bಪು ಪೊದ್ದೊಲ್ |
||
| 260 |
_aOdipu _bKemmalaje Janapada Prakashana _c2003 |
||
| 300 | _aviii,170 | ||
| 650 |
_aPu _9266242 |
||
| 650 |
_apoddol _9266243 |
||
| 690 |
_aTulu Fiction _9266244 |
||
| 906 | _a061829 | ||
| 942 |
_2ddc _cBK |
||
| 999 |
_c115940 _d115940 |
||